|
|
|
|
| LEADER |
00000cam a2200000 7i4500 |
| 001 |
0000002826 |
| 005 |
20040120.0 |
| 090 |
0 |
0 |
|a FAO634.907
|b ROL 1995
|
| 245 |
0 |
4 |
|a The ROLE of the private sector in forestry research :
|b recent developments in industrialized countries
|
| 260 |
0 |
0 |
|a Rome :
|b Food and Agriculture Organization of the United Nations ,
|c 1995
|
| 300 |
|
|
|a 186 p. ;
|c 21 cm.
|
| 500 |
0 |
0 |
|a Includes bibliographies
|
| 650 |
0 |
0 |
|a Forestry research
|
| 650 |
0 |
0 |
|a Forests and forestry
|
| 710 |
1 |
1 |
|a Food and Agriculture Organization of the United Nations (FAO)
|
| 998 |
|
|
|a JPSM
|
| 999 |
|
|
|a 0000004640
|b Monograph
|c Food and Agriculture Organization
|e Default branch
|